Efectos del cambio climático en la vida de las mujeres : el caso de Providencia tras el huracán Iota /

Detalles Bibliográficos
Autores principales: Martínez Osorio, Margarita (Autor), Hurtado Pardo, Paula (Autor), Ramírez Bolívar, Lucía (Autor)
Formato: Electrónico eBook
Lenguaje:español
Publicado: Bogotá, Colombia : Editorial Dejusticia, [2024]
Colección:Documentos (Centro de Estudios de Derecho, Justicia y Sociedad (Bogotá, Colombia)); 92.
Materias:
Acceso en línea:Digitalia Hispánica

MARC

LEADER 00000nam a2200000Ii 4500
001 DIGDJUST0172
003 NyNyDIG
006 m o d
007 cr |||||||||||
008 250518s2024 ck ob 000 0 spa d
035 |a (OCoLC)1513199833 
040 |a DGITA  |b eng  |e rda  |e pn  |c DGITA 
020 |a 9786287764026  |q versión digital 
020 |z 9786287764019  |q versión impresa 
050 1 4 |a GE195 ebook 
100 1 |a Martínez Osorio, Margarita,  |e author. 
245 1 0 |a Efectos del cambio climático en la vida de las mujeres :  |b el caso de Providencia tras el huracán Iota /  |c Margarita Martínez Osorio, Paula Hurtado Pardo, Lucía Ramírez Bolívar. 
264 1 |a Bogotá, Colombia :  |b Editorial Dejusticia,  |c [2024] 
300 |a 1 online resource. 
336 |a text  |b txt  |2 rdacontent 
337 |a computer  |b c  |2 rdamedia 
338 |a online resource  |b cr  |2 rdacarrier 
347 |a text file  |2 rdaft 
347 |b PDF 
490 1 |a Documentos ;  |v 92 
504 |a Includes bibliographical references. 
588 0 |a Online resource; title from PDF title page (Digitalia, viewed May 18, 2025) 
650 0 |a Women  |x Environmental aspects. 
650 0 |a Climatic changes  |x Social aspects. 
700 1 |a Hurtado Pardo, Paula,  |e author. 
700 1 |a Ramírez Bolívar, Lucía,  |e author. 
776 0 8 |i Print version:  |a Martínez Osorio, Margarita.  |t Efectos del cambio climático en la vida de las mujeres.  |d Bogotá, Colombia : Editorial Dejusticia, [2024]  |z 9786287764019 
791 2 |a Digitalia (Firm),  |e distributor. 
793 0 |g Digitalia eBook Collection:  |a Editorial Dejusticia 
830 0 |a Documentos (Centro de Estudios de Derecho, Justicia y Sociedad (Bogotá, Colombia));  |v 92. 
856 4 0 |3 Digitalia Hispánica  |u https://www.digitaliapublishing.com/a/173216/ 
910 |a Premium collection: 2025